000
00280nam a22001337a 4500
020
_a
817573812-X
082
_a
920
_b
DUA/S
100
_a
DUA, SHYAM
245
_a
SRINIVAS RAMANUJAN
260
_a
DELHI
_b
PRINT LINE BOOK
300
_a
95
650
_a
BIOGRAPHY
_z
DELHI
942
_c
BK
999
_c
5907
_d
5907